| 000 | 00834nas a2200265 4500 | ||
|---|---|---|---|
| 001 | BR2010003732 | ||
| 003 | BR-BrBNA | ||
| 005 | 20231205114619.0 | ||
| 007 | ta | ||
| 008 | 230509b bl.|||p| |||| 00| 00por d | ||
| 040 |
_aBR-BrBNA _bpor _cBiblioteca Nacional de Agricultura |
||
| 041 | _a(Pt) | ||
| 072 | _aF50 | ||
| 100 | 1 | _aRoman, M. | |
| 100 | 1 | _aBressan, D.A. | |
| 100 | 1 | _aDurlo, M.A. | |
| 245 | 1 | _aVariáveis morfométricas e relações interdimensionais para Cordia trichotoma (Vell.)Arráb. ex Steud. | |
| 650 | _aMORFOLOGIA VEGETAL | ||
| 650 | _aESSÊNCIA FLORESTAL | ||
| 650 | _aLOURO PARDO | ||
| 650 | _aÁRVORE ANGIOSPERMA | ||
| 773 | 0 |
_tCiência Florestal (Brazil) _xISSN 0103-9954 _g(Sep-Dec 2009), v. 19(3-4) p. 473-480 _wBR2010003732 |
|
| 909 |
_a202311 _bLúcia _c55 _dLúcia Elande |
||
| 942 |
_2AGRIS _n0 _cANA |
||
| 999 |
_c209578 _d209578 |
||